| 000 | 00697cam a22002295a 4500 | ||
|---|---|---|---|
| 005 | 20201128024138.0 | ||
| 008 | 690603s1969 mau fr 00000 eng d | ||
| 020 | _a9780807005958 | ||
| 040 |
_aDLC _cDLC _dm.c. _dKLG _dEG-ScBUE _beng |
||
| 082 | 0 | 4 |
_222 _a335.83 _bMAR |
| 100 | 1 |
_aMarcuse, Herbert, _d1898-1979 |
|
| 245 | 1 | 3 |
_aAn essay on liberation / _cby Herbert Marcuse. |
| 260 | 0 |
_aBoston, _bBeacon Press _cc.1969. |
|
| 300 |
_ax, 91 p. _c24 cm. |
||
| 650 | 7 |
_aPhilosophical Anthropology. _2BUEsh _9755 |
|
| 650 | 7 |
_aLiberty. _2BUEsh _99623 |
|
| 650 | 7 |
_aCivilization _xphilosophy. _2BUEsh _9800 |
|
| 651 | _2BUEsh | ||
| 653 |
_bBUSBOL _cApril2017 |
||
| 655 |
_vReading book _934232 |
||
| 942 | _2ddc | ||
| 999 |
_c24676 _d24648 |
||